| 000 | 00942nam a22002897a 4500 | ||
|---|---|---|---|
| 003 | CHAP | ||
| 005 | 20220329140020.0 | ||
| 008 | 971013s r 00010 d | ||
| 010 | _a45589 | ||
| 011 | _a46561 | ||
| 035 | _a50702 | ||
| 040 | _cCHAP | ||
| 090 | _aFolleto 2966y | ||
| 100 | 0 | 0 |
_aReid, W. Malcolm. _995752 |
| 245 | 1 | _aCuadro de diagnósticos para nueve especies de coccidia en las aves | |
| 260 |
_aMéxico, D. F. : _bCentro Regional de Ayuda Técnica, _c(s.a.) |
||
| 300 | _a16 p. | ||
| 490 | _aGeorgia. Agr. Exp. Sta. Technical bulletin, N. S., 39 | ||
| 590 |
_aBATCH-UPD _b10 _c20130110 _lUCH01 _h0241 |
||
| 590 |
_aBATCH-UPD _b10 _c20130110 _lUCH01 _h2148 |
||
| 590 |
_aCONVERSION _b10 _c20130109 _lUCH01 _h1325 |
||
| 650 | 1 | 4 |
_aCoccidiosis. _924201 |
| 830 | 0 |
_aGeorgia. Agr. Exp. Sta. Technical bulletin, N. S., 39 _947685 |
|
| 901 | _aBK | ||
| 942 | _cFOLL | ||
| 949 |
_aFolleto 2966y _bBC _cFOLL _d-113853 _eTS1 _i50702 _si |
||
| 999 |
_c45589 _d45589 |
||